| 000 | 00840nam a22002417a 4500 | ||
|---|---|---|---|
| 999 |
_c1238 _d1238 |
||
| 003 | AR-CdUCM | ||
| 008 | 190226b ||||| |||| 00| 0 spa d | ||
| 040 |
_aMUNICIPALIDAD PROVINCIAL DEL CUSCO _cBIBLIOTECA MUNICIPAL DEL CUSCO |
||
| 041 | _heng | ||
| 082 |
_a271.29 / _bJ22 |
||
| 100 |
_aJaeger, Werner _94825 |
||
| 245 | _aCristianismo Primitivo y Paideia Griega / | ||
| 260 |
_aMéxico : _bFondo de Cultura Económica, _c1965. |
||
| 300 |
_a147 paginas ; _c21 cm. |
||
| 505 | _aEl Primer encuentro -- San Clemente romano -- Los apologistas -- El neoplatonismo... | ||
| 650 |
_aEspíritu humano _91187 |
||
| 650 |
_aHelenistas Cristianos _94826 |
||
| 650 |
_aEpístolas pastorales _94827 |
||
| 650 |
_aCulto religioso _94828 |
||
| 700 |
_aFrost, Elsa Cecilia (Traducción) _94829 |
||
| 942 |
_2ddc _cLIBROS |
||
| 945 |
_awnts _d2019-02-26 |
||